000 00475nam a2200181Ia 4500
001 20931
005 20260306172842.0
008 260306t2015||||xx |||||||||||||| ||spa||
041 _aESP
082 _a343.8
_bY21
100 _aYangali Quintanilla, Nyrka
_eAUT
245 0 _aCódigo tributario:
_baplicación práctica según criterios jurisprudenciales y de la Sunat
260 _c2015
300 _a
_c
650 _aGEN
654 _aCCO
942 _cLIB
_dJUS
_fJUS
_2ddc
_n
999 _c20931
_d20931